Państwa nieuznawane - Statystyki

Ogólne statystyki
  • Ten quiz został rozwiązany 57 razy
  • Średni wynik to 7 z 9
Statystyki odpowiedzi
Lp. Stolica Głowa państwa Populacja Państwa graniczące Nazwa państwa nieuznawanego % Poprawnych
6 Wschodnia Jerozolima (de iure)Ramallah (de facto) Mahmud Abbas 5 050 000(2022) Izrael, Jordania, Egipt Palestyna
96%
3 Prisztina Vjosa Osmani 1 875 000(2020) Czarnogóra, Serbia, Macedonia Północna, Albania Kosowo
94%
9 Tajpej Lai Ching-te 23 570 000(2020) Tajwan
91%
2 Nikozja Północna Ersin Tatar 325 000(2017) Cypr Cypr Północny
87%
4 Tyraspol Wadim Krasnosielski 470 000(2018) Mołdawia, Ukraina Naddniestrze
79%
7 Al-Ujun Muhammad Abdul Aziz 600 000(2020) Maroko, Mauretania, Algieria Sahara Zachodnia
79%
1 Suchumi Asłan Bżanija 245 000(2018) Gruzja, Rosja Abchazja
72%
8 Hargejsa Muse Bihi Abdi 3 500 000(2014) Etiopia, Dżibuti, Somalia Somaliland
72%
5 Cchinwali Ałan Gagłojew 55 000(2015) Gruzja, Rosja Osetia Południowa
57%
Nie znaleziono quizów pasujących do podanych kryteriów
Rozkład punktacji
Procent ludzi z każdym wynikiem
Percentyl według liczby udzielonych odpowiedzi
Twoja historia wyników
Nie rozwiązałeś tego quizu